| 000 | 00658nam a2200181Ia 4500 | ||
|---|---|---|---|
| 008 | 151202s9999||||xx |||||||||||||| ||und|| | ||
| 082 | _bPNVM-45672 | ||
| 100 | _aदामले प्रभाकर. | ||
| 245 | _aअफ्रिकन सफारी केनिया. | ||
| 260 | _b"शारदा प्रकाशन ,ठाणे." | ||
| 260 | _c2004 | ||
| 300 | _a70 | ||
| 600 | _aदामले प्रभाकर. | ||
| 630 | _aअफ्रिकन सफारी केनिया. | ||
| 700 | _aदामले प्रभाकर. | ||
| 730 | _aअफ्रिकन सफारी केनिया. | ||
| 942 | _cBOOK | ||
| 999 |
_c1311623 _d1311620 |
||